000 00852aam a2200289 i 4500
001 341
003 CO-MdBIC
005 20210918120306.0
008 210918t1983 us ||||| |||| 00| 0 eng d
020 _a0-310-45791-2
040 _bspa.
_aCO-MdFUSB
_cCO-MdFUSB
_dCO-MdFUSBC
_erda
041 _aeng
_agrc
082 0 4 _aR 483 G814n
100 1 _aGreenlee, J. Harold (Jacob) (1918-)
245 1 0 _aA New Testament Greek morpheme lexicon / J. Harold Greenlee
_c/
260 _aGrand Rapids, MI., USA : Zondervan
264 1 _aGrand Rapids, USA :
_bZondervan,
_c[1983]
264 4 _c© 1983
300 _a333 Pág.
_c;
336 _2rdacontent
_atexto
_btxt
337 _2rdamedia
_asin mediación
_bn
338 _2rdacarrier
_avolumen
_bnc
653 _aA new testament
653 _aGreek morpheme lexicon
942 _cBK
945 _aEstudiante
999 _c31877
_d31877